00211 a2200085 450000100060000008200140000610000210002024500470004126000370008864692 a519.4 SCH aScheid, Franicis aTheory and problems of numericasl analysis aN.YbSchaum's Series McGraw Hill